| 000 | 02016nam0a2200433 4500 | ||
|---|---|---|---|
| 001 | RU\NLR\bibl\1740271 | ||
| 005 | 20260405062050.0 | ||
| 010 |
_a978-5-459-00364-2 _93000 |
||
| 021 |
_aRU _b2011-6167 _9425 |
||
| 035 | _a(NLR Aleph) 001731189 | ||
| 090 |
_a1400608 _c1400608 |
||
| 100 | _a20110225d2011 |||y0rusy50 ca | ||
| 101 | 0 | _arus | |
| 102 | _aRU | ||
| 105 | _aa ||||||||| | ||
| 200 | 1 |
_aАутотренинг _e[справочник] _fАртур Александров |
|
| 205 | _a2-е изд. | ||
| 210 |
_aСанкт-Петербург [и др.] _cПитер _d2011 |
||
| 215 |
_a238, [1] с. _cсхем. _d22 |
||
| 225 | 1 | _aСерия "Практическая психология" | |
| 300 | _aНа 4-й с. обл. авт.: Александров А.А., д.м.н., проф. | ||
| 320 | _aБиблиогр. в конце кн. (10 назв.) | ||
| 325 | _aКопия доступна в Электрон. б-ке РНБ http://vivaldi.nlr.ru/bx000031384/view | ||
| 606 | 1 |
_aАутогенная тренировка _jСправочники _91053120 _3RU\NLR\auth\6689255 |
|
| 606 | 1 |
_aСтресс _jСправочники _xПрофилактика _xПрименение аутогенной тренировки _92268476 _3RU\NLR\auth\661359756 |
|
| 686 | _aЮ937.23-69я2 | ||
| 686 | _aР357.112я2 | ||
| 700 | 1 |
_4070 _8rus _7ca _aАлександров _bА. А. _cд-р мед. наук _gАртур Александрович _3RU\NLR\auth\7720908 _93974 |
|
| 801 | 0 |
_aRU _bNLR _c20110225 _gRCR |
|
| 801 | 1 |
_aRU _bNLR _c20110225 |
|
| 830 | _aавт. по кн. | ||
| 942 | _cBOOK | ||
| 980 | _aNB | ||
| 980 | _aNBR | ||
| 981 | 1 | 3 |
_a(13) Документы, защищенные авторским правом _b(13) Современная научная, научно-популярная и популярная литература |